<?xml version="1.0" encoding="UTF-8"?>
<record
    xmlns:xsi="http://www.w3.org/2001/XMLSchema-instance"
    xsi:schemaLocation="http://www.loc.gov/MARC21/slim http://www.loc.gov/standards/marcxml/schema/MARC21slim.xsd"
    xmlns="http://www.loc.gov/MARC21/slim">

  <leader>00623nam a22001817a 4500</leader>
  <datafield tag="999" ind1=" " ind2=" ">
    <subfield code="c">15043</subfield>
    <subfield code="d">15043</subfield>
  </datafield>
  <controlfield tag="008">161019b        xxu||||| |||| 00| 0 eng d</controlfield>
  <datafield tag="020" ind1=" " ind2=" ">
    <subfield code="a">97806325054671</subfield>
  </datafield>
  <datafield tag="050" ind1=" " ind2=" ">
    <subfield code="a">TT 535 .A43 2001</subfield>
  </datafield>
  <datafield tag="100" ind1=" " ind2=" ">
    <subfield code="a">Aldrich, Winifred.</subfield>
  </datafield>
  <datafield tag="245" ind1=" " ind2=" ">
    <subfield code="a">Pattern cutting for women's tailored jackets :</subfield>
    <subfield code="b">classic and contemporary/</subfield>
    <subfield code="c">Winifred Aldrich.</subfield>
  </datafield>
  <datafield tag="260" ind1=" " ind2=" ">
    <subfield code="a">London :</subfield>
    <subfield code="b">blackwell Science,</subfield>
    <subfield code="c">2001.</subfield>
  </datafield>
  <datafield tag="300" ind1=" " ind2=" ">
    <subfield code="a">120p. :</subfield>
    <subfield code="b">ill. ;</subfield>
    <subfield code="c">25cm </subfield>
  </datafield>
  <datafield tag="500" ind1=" " ind2=" ">
    <subfield code="a">Include bibliography.</subfield>
  </datafield>
  <datafield tag="650" ind1=" " ind2=" ">
    <subfield code="a">Jackets.</subfield>
  </datafield>
  <datafield tag="650" ind1=" " ind2=" ">
    <subfield code="a">Dressmaking</subfield>
    <subfield code="x">pattern design.</subfield>
  </datafield>
  <datafield tag="650" ind1=" " ind2=" ">
    <subfield code="a">Tailoring (women's).</subfield>
  </datafield>
  <datafield tag="942" ind1=" " ind2=" ">
    <subfield code="2">lcc</subfield>
    <subfield code="c">SH_L_BOOKS</subfield>
    <subfield code="h">TT 535 .A43 2001</subfield>
    <subfield code="0">20</subfield>
  </datafield>
  <datafield tag="952" ind1=" " ind2=" ">
    <subfield code="0">0</subfield>
    <subfield code="1">0</subfield>
    <subfield code="2">lcc</subfield>
    <subfield code="4">0</subfield>
    <subfield code="7">0</subfield>
    <subfield code="a">MUC</subfield>
    <subfield code="b">MUC</subfield>
    <subfield code="c">GEN</subfield>
    <subfield code="d">2016-10-19</subfield>
    <subfield code="e">Purchase</subfield>
    <subfield code="g">2990.00</subfield>
    <subfield code="l">9</subfield>
    <subfield code="o">TT 535 .A43 2001</subfield>
    <subfield code="p">27010</subfield>
    <subfield code="r">2022-11-24</subfield>
    <subfield code="s">2022-11-24</subfield>
    <subfield code="w">2016-10-19</subfield>
    <subfield code="y">BOOKS</subfield>
  </datafield>
  <datafield tag="952" ind1=" " ind2=" ">
    <subfield code="0">0</subfield>
    <subfield code="1">0</subfield>
    <subfield code="2">lcc</subfield>
    <subfield code="4">0</subfield>
    <subfield code="7">0</subfield>
    <subfield code="a">MUC</subfield>
    <subfield code="b">MUC</subfield>
    <subfield code="c">GEN</subfield>
    <subfield code="d">2016-10-19</subfield>
    <subfield code="e">Purchase</subfield>
    <subfield code="g">2990.00</subfield>
    <subfield code="l">6</subfield>
    <subfield code="o">TT 535 .A43 2001</subfield>
    <subfield code="p">27009</subfield>
    <subfield code="r">2018-10-17</subfield>
    <subfield code="s">2018-10-17</subfield>
    <subfield code="w">2016-10-19</subfield>
    <subfield code="y">BOOKS</subfield>
  </datafield>
  <datafield tag="952" ind1=" " ind2=" ">
    <subfield code="0">0</subfield>
    <subfield code="1">0</subfield>
    <subfield code="2">lcc</subfield>
    <subfield code="4">1</subfield>
    <subfield code="7">0</subfield>
    <subfield code="a">MUC</subfield>
    <subfield code="b">MUC</subfield>
    <subfield code="c">TECH</subfield>
    <subfield code="d">2016-10-19</subfield>
    <subfield code="e">Purchase</subfield>
    <subfield code="g">2990.00</subfield>
    <subfield code="l">5</subfield>
    <subfield code="o">TT 535 .A43 2001</subfield>
    <subfield code="p">27007</subfield>
    <subfield code="r">2020-01-29</subfield>
    <subfield code="s">2020-01-29</subfield>
    <subfield code="w">2016-10-19</subfield>
    <subfield code="y">BOOKS</subfield>
  </datafield>
  <datafield tag="952" ind1=" " ind2=" ">
    <subfield code="0">0</subfield>
    <subfield code="1">0</subfield>
    <subfield code="2">lcc</subfield>
    <subfield code="4">0</subfield>
    <subfield code="7">0</subfield>
    <subfield code="a">MUC</subfield>
    <subfield code="b">MUC</subfield>
    <subfield code="c">SL</subfield>
    <subfield code="d">2016-10-19</subfield>
    <subfield code="e">Purchase</subfield>
    <subfield code="g">2990.00</subfield>
    <subfield code="l">7</subfield>
    <subfield code="o">TT 535 .A43 2001</subfield>
    <subfield code="p">27011</subfield>
    <subfield code="r">2020-02-04</subfield>
    <subfield code="s">2020-01-28</subfield>
    <subfield code="w">2016-10-19</subfield>
    <subfield code="y">BOOKS</subfield>
  </datafield>
</record>
